Statistics for Top 40 strongest economies in 2021,2050 and 2100

Click here to take the quiz!

General Stats

  • This quiz has been taken 95 times
    (84 since last reset)
  • The average score is 107 of 120

Answers on the Map

Answers color-coded by a green-red scale on the quiz's map according to % correct below.
 

Answer Stats

Answer% Correct
China
100%
United States
100%
India
99%
Russia
99%
USA
99%
Brazil
97%
France
97%
Germany
97%
Mexico
97%
Canada
96%
Japan
96%
UK
96%
Argentina
94%
Australia
94%
Italy
93%
Spain
93%
Turkey
93%
Egypt
91%
Iran
91%
Nigeria
91%
Pakistan
91%
Poland
91%
South Africa
91%
South Korea
91%
Sweden
91%
Indonesia
90%
Saudi Arabia
90%
Belgium
88%
Colombia
88%
Netherlands
88%
Vietnam
88%
Switzerland
87%
Iraq
85%
Peru
85%
United Arab Emirates
85%
Philippines
82%
Austria
81%
Thailand
81%
Algeria
79%
Ethiopia
79%
Malaysia
79%
Bangladesh
76%
Venezuela
75%
Kenya
74%
Taiwan
74%
Sudan
71%
Czechia
69%
Tanzania
68%
Angola
65%

Score Distribution

Percentile by Number Answered

Percent of People with Each Score

Your Score History

You have not taken this quiz since the last reset